[Event "Ortega op 4th"]
[Site "Ortega"]
[Date "2014.07.06"]
[Round "7"]
[White "Vera M, Daniel F"]
[Black "Ramirez, Yefferson Camilo"]
[Result "0-1"]
[WhiteElo "1400"]
[BlackElo "1536"]
[PlyCount "62"]
[EventDate "2014.07.03"]
[EventType "swiss"]
[EventRounds "7"]
[EventCountry "COL"]
[SourceTitle "EXT 2015"]
[Source "ChessBase"]
[SourceDate "2014.11.20"]
[SourceVersion "1"]
[SourceVersionDate "2014.11.20"]
[SourceQuality "1"]

1. d4 d5 2. Nc3 Nf6 3. Bf4 Nc6 4. Nb5 Qd7 5. Nxc7+ Kd8 6. Nxa8 e5 7. dxe5 Ne8 8. e3 b6 9. Nxb6 axb6 10. Nf3 h6 11. Bb5 Bb7 12. 0-0 g5 13. Bg3 f6 14. exf6 Nxf6 15. Bxc6 Qxc6 16. Ne5 Qe6 17. Qd2 Ne4 18. Qd4 Bc5 19. Nf7+ Qxf7 20. Qxh8+ Kd7 21. Qxh6 Nxg3 22. Qh3+ Nf5 23. Qf3 Ke7 24. Qg4 Ke8 25. Rfd1 Nh6 26. Qxg5 Ng8 27. h4 Qh7 28. Qg3 b5 29. Qh2 Qxc2 30. Rac1 Qa4 31. Rxc5 Qxd1# 0-1